000 00315nam a2200133Ia 4500
008 191201s2008 xx 000 0 und d
100 _aLYNTON, Rolff P.
245 0 _aTraning for Development
250 _aRep.
260 _aN.Delhi
_bVistaar Publication
_c2008
300 _a333
650 _aMBA
942 _2ddc
_cBK
999 _c3556
_d3556